Normal view MARC view
  • Gdoutos, E. E

Entry Personal Name

Number of records used in: 1

001 - CONTROL NUMBER

  • control field: 84127

003 - CONTROL NUMBER IDENTIFIER

  • control field: NUST

005 - DATE AND TIME OF LATEST TRANSACTION

  • control field: 20211115102643.0

008 - FIXED-LENGTH DATA ELEMENTS

  • fixed length control field: 211115|| aca||aabn | a|a d

040 ## - CATALOGING SOURCE

  • Original cataloging agency: NUST
  • Transcribing agency: NUST

100 ## - HEADING--PERSONAL NAME

  • Personal name: Gdoutos, E. E

670 ## - SOURCE DATA FOUND

  • Source citation: Work cat.: (NUST)586751: Gdoutos, E. E., Fracture Mechanics : , 2020.
© 2023 Central Library, National University of Sciences and Technology. All Rights Reserved.